Biggest City in each Mexican State - Statistics

General Stats
  • This quiz has been taken 66 times
  • The average score is 21 of 30
Answer Stats
State Population City % Correct
Baja California 1,300,983 Tijuana
100%
Jalisco 1,495,182 Guadalajara
95%
Nuevo León 1,168,709 Monterrey
91%
Aguascalientes 722,250 Aguascalientes
89%
Quintana Roo 628,306 Cancún
89%
Chihuahua 1,321,004 Ciudad Juárez
84%
Oaxaca 255,029 Oaxaca
84%
Puebla 1,434,062 Puebla
84%
Yucatán 777,615 Mérida
82%
San Luis Potosí 722,772 San Luis Potosí
82%
Baja California Sur 215,178 La Paz
75%
Querétaro 626,495 Querétaro
75%
Veracruz 428,323 Veracruz
75%
Durango 512,311 Victoria de Durango
75%
Sinaloa 905,265 Culiacán
73%
Sonora 715,061 Hermosillo
73%
Guerrero 673,479 Acapulco
68%
Zacatecas 129,011 Zacatecas
68%
Guanajuato 1,238,962 León
66%
Campeche 220,389 San Francisco de Campeche
66%
Nayarit 332,863 Tepic
64%
Morelos 338,650 Cuernavaca
61%
Coahuila 709,671 Saltillo
57%
México 1,655,015 Ecatepec de Morelos
55%
Michoacán 597,511 Morelia
55%
Tabasco 353,577 Villahermosa
55%
Chiapas 537,102 Tuxtla Gutiérrez
52%
Hidalgo 256,584 Pachuca
45%
Colima 130,035 Manzanillo
34%
Tlaxcala 60,001 Vicente Guerrero
5%
No matching quizzes found
Score Distribution
Percent of People with Each Score
Percentile by Number Answered
Your Score History
You have not taken this quiz